00640nam a22002297a 450000500170000001000110001702000100002803500110003803700160004904000120006508200130007710000180009024500910010826000390019927000360023830000220027450000190029665000270031565000240034270000220036670000220038820170124105921.0 a183220 c00.00 a183220 bCen Lib/Ret aDPLbEN a3752LEE aLeese, Joseph aTeacher in curriculum making /cby Joseph Leese, Kenneth Frasure [and] Mauritz Johnson aNew York bHarper & Brothersc1961 a49 east 33rd street bNew York  ax,497p.c21cm(Hb) aIncludes index aEducation -- Curricula aCurriculum plannig  aFrasure, Kenneth  aJohnson, Mauritz